1582 1385 1256 1021 1718 1308 1839 1486 1792 1323 1614 1334 1524 1078 1927 1402 1398 1230 1962 1431 1181 1342 1218 1530 1922 1930 1085 1813 1012 1074 1684 1448 1265 1737 1930 1907 1906 1130 1076 1134 1514 1533 1329 1208 1236 1280 1761 1002 1407 1253 1907 1447 1408 1938 1238 1482 1136 1351 1361 1807 1843 1516 1816 1629 1258 1559 1041 1978 1584 1934 1986 1573 1431 1587 1484 1388 1480 1930 1423 1518 1441 1845 1083 1932 1737 1490 1281 1845 1988 1503 1824 1798 1796 1600 1286 1899 1194 1210 1566 BCNSPRNW ULIB Ver.6.0+V

เปลี่ยนเป็นภาษาไทย

Change to English
 แสดงรายละเอียดบรรณานุกรม
  กลับหน้าหลัก

Brief Record : Get Marc (ISO 2709) : E-mail record : QR code < ปิดหน้าต่าง
LEADER : 00000nam 2200000uu 4500
001    13399113561
003     ULIB
008    111128s2553||||th 000 0 tha d
020    9786160601233
090    ^aนว.^bป445ฟ 2553
100 0  ^aปราณธร
245 00 ^aไฟรักราน /^cปราณธร
250    ^aพิมพ์ครั้งที่ 2
260    ^aกรุงเทพฯ :^bแจ่มใส,^c2553
300    ^a300 หน้า
710 1  ^aแจ่มใส
945    ^p189^l0^i17076
995    ^aกัณชพร
999    ^aใช้งานได้ทุกระบบ
รายการนี้ยังไม่มีแท็ก
คุณยังไม่ได้ล็อกอิน คุณสามารถมีกิจกรรมร่วมกับเว็บไซต์ได้ แต่ต้องล็อกอินก่อน ::
  ล็อกอิน

รายการสื่อสารสนเทศ

ลำดับที่ ประเภท เลขเรียก/บาร์โค้ด สถานที่ สถานะ
1. วิทยาศาสตร์การแพทย์ และสุขภาพ
วิทยาศาสตร์การแพทย์ และสุขภาพ
นว. ป445ฟ 2553  
  Barcode: 17076
ห้องสมุดวิทยาเขตสวรรค์ประชารักษ์
►นวนิยาย
บนชั้น
  ขอยืม

รายการใกล้เคียง
    ผู้แต่ง [ปราณธร]

BibComment


ยังไม่เคยถูกคอมเมนท์

คอมเมนท์ทรัพยากรรายการนี้
  คอมเมนท์: ไฟรักราน ปราณธร


 Copyright 2026. Bcnsprnw @Library